| 000 | 00480nam a2200145 a 4500 | ||
|---|---|---|---|
| 001 | 5061 | ||
| 003 | CDMR | ||
| 005 | 20130315131714.0 | ||
| 008 | 130130s1991||||||||||||||||||||||||||||d | ||
| 040 |
_aCDMR _bcat _cCPC GIRONA |
||
| 245 | 3 |
_aLa premsa en català _b: canvi de cicle ; “L'Hora” de València ; La llibertat d'informació al món |
|
| 260 |
_c1991 _bCol·legi de Periodistes de Catalunya |
||
| 490 | 0 |
_aAnnals del Periodisme Català _v18 (gener-juny 1991) |
|
| 942 |
_cMON _2udc |
||
| 999 |
_c5061 _d5061 |
||